000 00498nas a22001577a 4500
005 20251108173531.0
008 250721s9999 xx qr 000 0 ara d
082 1 4 _aم/615.105/دوا
245 1 0 _aالدواء العربي /
264 1 _aعمان :
_bالشركة العربية لصناعة المضادات الحيوية و مستلزماتها،
310 _aQuarterly
650 1 7 _aالأدوية
650 1 7 _aالدوريات العربية
942 _2ddc
_cPER
999 _c106205
_d106205